[Event "4NCL 2012-13"]
[Site "Staverton ENG"]
[Date "2013.01.12"]
[Round "3.128"]
[White "Claridge-Hansen, William"]
[Black "Lauterbach, Ingrid"]
[Result "0-1"]
[BlackTitle "WIM"]
[WhiteElo "1803"]
[BlackElo "2143"]
[WhiteTeam "BCM"]
[BlackTeam "Barbican 4NCL"]
[WhiteFideId "422509"]
[BlackFideId "405221"]
[EventDate "2012.11.03"]

1. c4 b6 2. e4 Bb7 3. Nc3 e6 4. g3 Bb4 5. Nge2 f5 6. Bg2 Nf6 7. a3 Bxc3 8. Nxc3
fxe4 9. d3 d5 10. dxe4 d4 11. Ne2 c5 12. Qd3 O-O 13. O-O e5 14. h3 Nbd7 15. Bd2
a5 16. a4 Ne8 17. f3 Nd6 18. b3 Rf7 19. h4 Qe7 20. Bh3 Nf6 21. g4 g6 22. Ng3
Nde8 23. Rae1 Ng7 24. Kh2 Ne6 25. g5 Ne8 26. Bxe6 Qxe6 27. f4 exf4 28. Rxf4 Rxf4
29. Bxf4 Qg4 30. Rf1 Bc8 31. h5 gxh5 32. Nf5 Bxf5 33. exf5 Ng7 34. Qe4 Re8 35.
Qd5+ Kh8 36. Be5 Qh4+ 37. Kg1 Qxg5+ 38. Kh1 Qh4+ 39. Kg1 Qg4+ 40. Kh1 Qh3+ 41.
Bh2 Qxf1+ 42. Bg1 Qh3+ 0-1

[Event "4NCL 2012-13"]
[Site "Staverton ENG"]
[Date "2013.01.12"]
[Round "3.131"]
[White "Rendle, Thomas E"]
[Black "Slavin, Alexey"]
[Result "1/2-1/2"]
[WhiteTitle "IM"]
[BlackTitle "IM"]
[WhiteElo "2381"]
[BlackElo "2397"]
[WhiteTeam "Sambuca Sharks & Sons of Anarchy"]
[BlackTeam "e2e4.org.uk"]
[WhiteFideId "408760"]
[BlackFideId "24104388"]
[EventDate "2012.11.03"]

1. e4 c5 2. d3 Nc6 3. f4 d5 4. Be2 g6 5. Nf3 Bg7 6. O-O Bg4 7. c3 e6 8. Nbd2 Nf6
9. Qe1 O-O 10. Qh4 Bxf3 11. Rxf3 c4 12. Rh3 cxd3 13. Bxd3 Nh5 14. Qf2 Qb6 15.
Rf3 Qxf2+ 16. Rxf2 Nf6 17. e5 Nd7 18. Nf3 Rfc8 19. Be3 Na5 20. Bb5 Rc7 21. Nd2
a6 22. Bf1 Bf8 23. a3 b5 24. b4 Nc4 25. Nxc4 bxc4 26. Bd4 a5 27. Raa2 Nb8 28.
Be3 Be7 29. Rfb2 f5 30. bxa5 Nc6 31. Bb6 Rb7 32. Rb5 Nxa5 33. Rxa5 1/2-1/2

[Event "4NCL 2012-13"]
[Site "Staverton ENG"]
[Date "2013.01.12"]
[Round "3.132"]
[White "Panjwani, Raja"]
[Black "Roberson, Peter T"]
[Result "1-0"]
[WhiteTitle "IM"]
[BlackTitle "FM"]
[WhiteElo "2402"]
[BlackElo "2357"]
[WhiteTeam "e2e4.org.uk"]
[BlackTeam "Sambuca Sharks & Sons of Anarchy"]
[WhiteFideId "2604493"]
[BlackFideId "412384"]
[EventDate "2012.11.03"]

1. e4 e6 2. d4 d5 3. Nc3 Bb4 4. e5 c5 5. a3 Bxc3+ 6. bxc3 Ne7 7. a4 b6 8. Bb5+
Bd7 9. Bd3 Nbc6 10. Nf3 Rc8 11. Qd2 O-O 12. Ng5 Ng6 13. h4 h6 14. Nf3 f5 15. Rh3
Qe8 16. Rg3 Kh8 17. a5 Nge7 18. axb6 axb6 19. Rb1 Rb8 20. Ba3 Ra8 21. Qc1 Ra5
22. Rxb6 Qa8 23. Bxc5 Ra1 24. Rb1 Rxb1 25. Qxb1 Rb8 26. Qc1 Qa2 27. Qa3 Qb1+ 28.
Kd2 Ng8 29. Bf8 Rb7 30. Bxg7+ Kh7 31. Bf6 Be8 32. Qf8 Nxf6 33. exf6 Bg6 34. h5 1-0

[Event "4NCL 2012-13"]
[Site "Staverton ENG"]
[Date "2013.01.12"]
[Round "3.133"]
[White "Sreeves, Clement"]
[Black "Sowray, Peter J"]
[Result "1-0"]
[BlackTitle "FM"]
[WhiteElo "2223"]
[BlackElo "2362"]
[WhiteTeam "Sambuca Sharks & Sons of Anarchy"]
[BlackTeam "e2e4.org.uk"]
[WhiteFideId "2402564"]
[BlackFideId "400971"]
[EventDate "2012.11.03"]

1. e4 c5 2. Nf3 d6 3. d4 cxd4 4. Nxd4 Nf6 5. Nc3 a6 6. Be3 e5 7. Nb3 Be6 8. Qd2
Nbd7 9. O-O-O Rc8 10. Kb1 Be7 11. f3 h5 12. h3 Qc7 13. Bd3 h4 14. f4 b5 15. Rhe1
Nb6 16. Bxb6 Qxb6 17. Nd5 Nxd5 18. exd5 Bxd5 19. Bf5 Be6 20. Bxe6 fxe6 21. fxe5
d5 22. Rf1 Rf8 23. Qe2 Rxf1 24. Rxf1 Kd7 25. Nc1 Rf8 26. Rxf8 Bxf8 27. a3 Qg1
28. Qd2 Bc5 29. Ka2 Be3 30. Qb4 Qxc1 31. Qd6+ Ke8 32. Qxe6+ Kf8 33. Qd6+ Kg8 34.
Qxd5+ Kh7 35. Qe4+ g6 36. e6 Bg5 37. e7 Bxe7 38. Qxe7+ Kg8 39. Qe8+ Kg7 40. Qe7+
Kg8 41. Qe4 Kg7 42. Kb3 Qd2 43. a4 bxa4+ 44. Kxa4 Qd7+ 45. Ka3 Qd6+ 46. Ka2 Qf6
47. c3 Qf1 48. Qd4+ Kg8 49. Qd5+ Kg7 50. Kb3 Qe2 51. Qd4+ Kh7 52. Qxh4+ Kg7 53.
Qd4+ Kh7 54. Qd5 Kh6 55. h4 Qf2 56. Qd4 Qf7+ 57. c4 Kh7 58. g4 Qb7+ 59. Ka2 a5
60. c5 Qb5 61. Ka3 a4 62. Qc3 Qc6 63. Kb4 Qe4+ 64. Qc4 Qe1+ 65. Kxa4 Qa1+ 66.
Kb3 Qd1+ 67. Ka2 Qe1 68. g5 Qg3 69. Qf7+ Kh8 70. Qf8+ Kh7 71. Qh6+ Kg8 72. Qxg6+
Kh8 73. Qf6+ Kg8 74. Qe6+ Kh8 75. Qc4 Qf2 76. Qc3+ Kh7 77. Qb4 Qf7+ 78. b3 Qd5
79. Qb6 Qd2+ 80. Ka3 Qc1+ 81. Ka4 Qa1+ 82. Kb5 Qf1+ 83. Kc6 Qf3+ 84. Kc7 Qf4+
85. Kb7 Qf7+ 86. Qc7 Kh8 87. b4 Qc4 88. Qe5+ Kg8 89. Qe8+ Kh7 90. Qe7+ Kh8 91.
c6 Qf7 92. Qd7 Qc4 93. Qd6 Qb5+ 94. Kc8 Qf5+ 95. Kd8 Qe4 96. c7 1-0

[Event "4NCL 2012-13"]
[Site "Staverton ENG"]
[Date "2013.01.12"]
[Round "3.134"]
[White "Jackson, James P"]
[Black "Varnam, Liam D"]
[Result "1/2-1/2"]
[WhiteElo "2221"]
[BlackElo "2140"]
[WhiteTeam "e2e4.org.uk"]
[BlackTeam "Sambuca Sharks & Sons of Anarchy"]
[WhiteFideId "416860"]
[BlackFideId "410950"]
[EventDate "2012.11.03"]

1. d4 d5 2. c4 dxc4 3. Nf3 Nf6 4. e3 e6 5. Bxc4 c5 6. O-O a6 7. a4 Nc6 8. Nc3
cxd4 9. exd4 Be7 10. Re1 O-O 11. Bg5 Nd5 12. Ne4 f6 13. Be3 Bb4 14. Bd2 Bxd2 15.
Qxd2 b6 16. Nc3 Ncb4 17. Nxd5 Nxd5 18. Bxd5 Qxd5 19. Qb4 Bd7 20. a5 bxa5 21.
Rxa5 Bb5 22. Ra3 Rac8 23. Rc3 Rc6 24. Rec1 Rfc8 25. h3 Kf7 26. Ne1 Rc4 27. Rxc4
Rxc4 28. Rxc4 Qxc4 29. Qxc4 Bxc4 30. Nc2 Ke7 31. Ne3 Bb5 32. f4 Kd6 33. Kf2 Bd3
34. Ke1 g6 35. Kd2 Bb5 36. g3 h5 37. h4 e5 38. fxe5+ fxe5 39. Kc3 e4 40. Ng2 Ke6
41. Ne3 Kd6 42. Kd2 Ke6 43. Nd1 Kf5 44. Ne3+ Ke6 45. Kc3 Kd6 1/2-1/2

[Event "4NCL 2012-13"]
[Site "Staverton ENG"]
[Date "2013.01.12"]
[Round "3.135"]
[White "Purton, Ben J"]
[Black "Byron, Alan M"]
[Result "1-0"]
[WhiteElo "2136"]
[BlackElo "2167"]
[WhiteTeam "Sambuca Sharks & Sons of Anarchy"]
[BlackTeam "e2e4.org.uk"]
[WhiteFideId "411132"]
[BlackFideId "401773"]
[EventDate "2012.11.03"]

1. e4 c5 2. Nf3 e6 3. c4 Nc6 4. Nc3 a6 5. a3 Nd4 6. Nxd4 cxd4 7. Ne2 e5 8. d3 d6
9. g3 h5 10. h3 Nf6 11. Bg5 Be7 12. Bg2 Nd7 13. Bxe7 Qxe7 14. f4 b5 15. b3 Rb8
16. O-O Bb7 17. Rc1 Nc5 18. b4 Na4 19. fxe5 dxe5 20. c5 Rc8 21. Kh2 Rc6 22. Ng1
h4 23. g4 Bc8 24. Qd2 g5 25. Bf3 Nc3 26. Bd1 Be6 27. Nf3 f6 28. Qb2 a5 29. Nd2
axb4 30. axb4 O-O 31. Ra1 Rcc8 32. Nb3 Ra8 33. Na5 Kg7 34. Ra3 Ra6 35. Bb3 Rfa8
36. Rfa1 Qd7 37. Bxe6 Qxe6 38. Nb7 Ra4 39. Nd6 Kg6 40. Nxb5 Rxa3 41. Rxa3 Rxa3
42. Nxa3 Nd1 43. Qb1 Ne3 44. b5 Qe7 45. b6 Qxc5 46. b7 Qc3 47. Nc4 Nxc4 48. b8=Q
Qd2+ 49. Kh1 Qe2 50. Qe8+ Kh6 51. Qh5+ 1-0

[Event "4NCL 2012-13"]
[Site "Staverton ENG"]
[Date "2013.01.12"]
[Round "3.136"]
[White "Willmoth, Robert F"]
[Black "Murphy, Hugh W"]
[Result "0-1"]
[WhiteElo "2164"]
[BlackElo "2152"]
[WhiteTeam "e2e4.org.uk"]
[BlackTeam "Sambuca Sharks & Sons of Anarchy"]
[WhiteFideId "402540"]
[BlackFideId "422444"]
[EventDate "2012.11.03"]

1. Nf3 d5 2. b3 Bg4 3. Ne5 Bf5 4. f4 Nd7 5. Bb2 Nxe5 6. Bxe5 f6 7. Bb2 Qd6 8. e3
e5 9. Bb5+ c6 10. fxe5 fxe5 11. O-O Qe6 12. Be2 Nf6 13. Kh1 Bd6 14. c4 O-O 15.
cxd5 cxd5 16. Ba3 Bxa3 17. Nxa3 a6 18. d3 Rf7 19. e4 Bg6 20. exd5 Nxd5 21. Rxf7
Bxf7 22. Bf3 Rd8 23. Be4 b5 24. Qf3 Nf4 25. g3 Bh5 26. Qe3 Nd5 27. Qg5 Nf6 28.
Rf1 Be2 29. Re1 Bxd3 30. Bg2 e4 31. Nb1 Rf8 32. Nd2 Qb6 33. Nxe4 Bxe4 34. Bxe4
Qf2 35. Bd5+ Kh8 36. Rc1 h6 0-1

[Event "4NCL 2012-13"]
[Site "Staverton ENG"]
[Date "2013.01.12"]
[Round "3.137"]
[White "Edwards, Jonathan"]
[Black "Mansson, James C"]
[Result "1-0"]
[WhiteElo "2076"]
[BlackElo "2123"]
[WhiteTeam "Sambuca Sharks & Sons of Anarchy"]
[BlackTeam "e2e4.org.uk"]
[WhiteFideId "2402912"]
[BlackFideId "407100"]
[EventDate "2012.11.03"]

1. e4 c5 2. Nf3 d6 3. d4 cxd4 4. Nxd4 Nf6 5. Nc3 a6 6. Bg5 e6 7. f4 Qb6 8. Qd3
Qxb2 9. Rb1 Qa3 10. Bxf6 gxf6 11. f5 Nc6 12. fxe6 fxe6 13. Nxc6 bxc6 14. Be2 Qc5
15. e5 Qxe5 16. O-O d5 17. Qh3 Bc5+ 18. Kh1 O-O 19. Bd3 f5 20. Ne2 Qg7 21. Rb3
Kh8 22. Ng3 a5 23. Nh5 Qe5 24. Rbb1 Bd6 25. c3 c5 26. Rf3 d4 27. cxd4 cxd4 28.
Qh4 Ra7 29. Rh3 Bb7 30. Nf4 Qg7 31. Rg3 Be4 32. Rxg7 Rxg7 33. Bxe4 fxe4 34. Nxe6
Rgf7 35. Nxf8 1-0

[Event "4NCL 2012-13"]
[Site "Staverton ENG"]
[Date "2013.01.12"]
[Round "3.138"]
[White "Norinkeviciute, Rasa"]
[Black "Kourtseva, Julie"]
[Result "1/2-1/2"]
[WhiteTitle "WFM"]
[WhiteElo "2010"]
[BlackElo "1756"]
[WhiteTeam "e2e4.org.uk"]
[BlackTeam "Sambuca Sharks & Sons of Anarchy"]
[WhiteFideId "12801925"]
[BlackFideId "418749"]
[EventDate "2012.11.03"]

1. c4 c6 2. g3 d5 3. Bg2 Nf6 4. Nf3 e6 5. O-O Bd6 6. Qc2 O-O 7. d3 Nbd7 8. e4
Qc7 9. b3 e5 10. Nh4 d4 11. Nf5 a5 12. a3 Nc5 13. Nxd6 Qxd6 14. a4 b5 15. axb5
cxb5 16. cxb5 Be6 17. Nd2 Qb6 18. Ba3 Rfc8 19. Nc4 Qxb5 20. Rfb1 Ncd7 21. Qd2
Rc6 22. Be7 a4 23. Bf1 Rb8 24. Na3 Qa6 25. b4 Rc3 26. b5 Qb6 27. Bb4 Rb3 28. Ba5
Qd6 29. Bb4 Qb6 30. Rc1 Ne8 31. Be2 Nc7 32. Rc6 Qb7 33. Rac1 Nxb5 34. Nxb5 Qxb5
35. Rc8+ Nf8 36. Rxb8 Qxb8 37. Be7 Ng6 38. Bc5 Rb2 39. Rc2 Rb1+ 40. Kg2 Rb5 41.
Ba3 Rb3 42. Ra2 Qc8 43. h4 Rc3 44. Ra1 Rc2 45. Qe1 Bb3 46. Bb4 Qe6 47. Bd1 Rc8
48. Qd2 Bxd1 1/2-1/2

[Event "4NCL 2012-13"]
[Site "Staverton ENG"]
[Date "2013.01.12"]
[Round "3.141"]
[White "Hawkins, Jonathan"]
[Black "Cherniaev, Alexander"]
[Result "1-0"]
[WhiteTitle "IM"]
[BlackTitle "GM"]
[WhiteElo "2511"]
[BlackElo "2460"]
[WhiteTeam "Cheddleton"]
[BlackTeam "Guildford"]
[WhiteFideId "412686"]
[BlackFideId "4117301"]
[EventDate "2012.11.03"]

1. d4 d6 2. c4 e5 3. d5 Nf6 4. Nc3 Bf5 5. f3 e4 6. Qd4 exf3 7. gxf3 c5 8. Qf2 g6
9. e4 Bc8 10. Be3 Nbd7 11. O-O-O a6 12. Kb1 Bg7 13. Nge2 O-O 14. Nc1 Rb8 15. Bg5
h6 16. Bf4 Qe7 17. Nb3 Nh5 18. Bd2 f5 19. Qg2 Qf6 20. Rg1 Kh7 21. f4 b5 22. Be2
bxc4 23. Bxh5 gxh5 24. Na5 fxe4 25. Nxc4 Nb6 26. Nxe4 Bf5 27. Bc3 Qg6 28. Qxg6+
Bxg6 29. f5 Rxf5 30. Ncxd6 Rxd5 31. Rxd5 Nxd5 32. Bxg7 Kxg7 33. Ka1 Ne3 34. Nxc5
Nc2+ 35. Kb1 Nb4+ 36. Nde4 Kf7 37. a3 Bxe4+ 38. Nxe4 Nd3 39. Kc2 Ne5 40. b4 Rb6
41. Rf1+ Kg6 42. Kc3 h4 43. h3 Nf7 44. Rf4 Rc6+ 45. Nc5 a5 46. Kc4 axb4 47. axb4
Rb6 48. Rxh4 Ne5+ 49. Kd5 Nc6 50. Rg4+ Kf5 51. Nd3 Ne7+ 52. Kc4 Rc6+ 53. Nc5 Rd6
54. Rg1 Rd1 1-0

[Event "4NCL 2012-13"]
[Site "Staverton ENG"]
[Date "2013.01.12"]
[Round "3.142"]
[White "Zhou, Yang-Fan"]
[Black "Paehtz, Elisabeth"]
[Result "1/2-1/2"]
[WhiteTitle "IM"]
[BlackTitle "IM"]
[WhiteElo "2418"]
[BlackElo "2482"]
[WhiteTeam "Guildford"]
[BlackTeam "Cheddleton"]
[WhiteFideId "468584"]
[BlackFideId "4641833"]
[EventDate "2012.11.03"]

1. e4 c5 2. Nf3 e6 3. Nc3 a6 4. d4 cxd4 5. Nxd4 b5 6. Bd3 Bb7 7. O-O Nc6 8. Nxc6
Bxc6 9. Re1 Ne7 10. Qe2 Ng6 11. a4 b4 12. Nd5 Bd6 13. a5 Qb8 14. h3 O-O 15. Nb6
Ra7 16. Be3 Nf4 17. Bxf4 Bxf4 18. Bxa6 Bh2+ 19. Kh1 Bc7 20. Bb5 Bxb6 21. Bxc6
dxc6 22. axb6 Rxa1 23. Rxa1 Qxb6 24. Qe3 Qxe3 25. fxe3 g6 26. Ra6 c5 27. Rc6 b3
28. Rxc5 bxc2 29. Rxc2 Rb8 30. Kg1 Rb4 31. e5 Rb5 32. Kf2 Rxe5 33. b4 Rb5 34.
Rb2 Kf8 35. Ke2 Ke7 36. Kd3 Kd6 37. Kc4 Kc6 38. Ra2 Re5 39. Kd4 Rd5+ 40. Kc4 Re5
41. Ra6+ Kb7 42. Rd6 Kc7 43. Ra6 Kb7 44. Rd6 Kc7 45. Ra6 Kb7 1/2-1/2

[Event "4NCL 2012-13"]
[Site "Staverton ENG"]
[Date "2013.01.12"]
[Round "3.143"]
[White "Arkell, Keith C"]
[Black "Sarakauskas, Gediminas"]
[Result "1-0"]
[WhiteTitle "GM"]
[BlackTitle "IM"]
[WhiteElo "2462"]
[BlackElo "2408"]
[WhiteTeam "Cheddleton"]
[BlackTeam "Guildford"]
[WhiteFideId "400270"]
[BlackFideId "12800724"]
[EventDate "2012.11.03"]

1. Nf3 Nf6 2. c4 c6 3. b3 d5 4. Bb2 Bg4 5. e3 e6 6. Be2 Nbd7 7. O-O Bd6 8. d4
Qb8 9. Nbd2 h6 10. h3 Bf5 11. a4 O-O 12. Ba3 a5 13. Qc1 Re8 14. Bxd6 Qxd6 15.
Qb2 Ne4 16. Rfd1 Qb4 17. Nxe4 Bxe4 18. Rac1 Nb6 19. Qa2 dxc4 20. Bxc4 Bxf3 21.
gxf3 Rad8 22. Bf1 Nd5 23. Qc2 Qe7 24. Bg2 Nb4 25. Qe4 b6 26. f4 c5 27. dxc5
Rxd1+ 28. Rxd1 Qxc5 29. Bf1 Nd5 30. Qd4 Qxd4 31. Rxd4 Nb4 32. Rd7 Rb8 33. Bc4
Nc6 34. h4 Kf8 35. Kg2 Rd8 36. Rb7 Rb8 37. Rc7 Ne7 38. e4 g6 39. Kf3 Rc8 40. Rb7
Rc6 41. Ke3 Rd6 42. Bb5 h5 43. f3 f6 44. Ke2 e5 45. fxe5 fxe5 46. Ke3 Rf6 47.
Bc4 Ke8 48. Rb8+ Kd7 49. Bb5+ Kc7 50. Re8 Kd6 51. Rd8+ Kc5 52. Rd7 Rf7 53. Kf2
Kb4 54. Bc4 Rg7 55. Be6 Kc5 56. Ke2 Kc6 57. Ke3 Kc5 58. f4 exf4+ 59. Kxf4 g5+
60. hxg5 Ng6+ 61. Ke3 Rxd7 62. Bxd7 Ne5 63. Bf5 Kd6 64. Kf4 Nd3+ 65. Kg3 Ke5 66.
Kh4 Nf4 67. Bh7 Ke6 68. Bg8+ Ke5 69. Bf7 Kd6 70. g6 Ke7 71. Kg5 Nd3 72. Bd5 1-0

[Event "4NCL 2012-13"]
[Site "Staverton ENG"]
[Date "2013.01.12"]
[Round "3.144"]
[White "Wall, Gavin"]
[Black "Hamitevici, Vladimir"]
[Result "0-1"]
[WhiteTitle "IM"]
[BlackTitle "IM"]
[WhiteElo "2340"]
[BlackElo "2440"]
[WhiteTeam "Guildford"]
[BlackTeam "Cheddleton"]
[WhiteFideId "2501244"]
[BlackFideId "13902393"]
[EventDate "2012.11.03"]

1. e4 c6 2. d4 d5 3. f3 e6 4. Nc3 Bb4 5. Bf4 Ne7 6. Qd3 b6 7. O-O-O Ba6 8. Qe3
Bxf1 9. Rxf1 O-O 10. Nge2 c5 11. Bg5 cxd4 12. Qxd4 Nbc6 13. Qd3 d4 14. Nb5 e5
15. f4 a6 16. Na3 f6 17. Bh4 b5 18. fxe5 fxe5 19. Qb3+ Kh8 20. Rxf8+ Qxf8 21.
Nb1 Ng6 22. Bg3 Na5 23. Qe6 Qc5 24. Rd1 Nc4 25. Bf2 Qf8 26. Qf5 Qg8 27. Bg1 Nd6
28. Qd7 Qxa2 29. c3 Nc4 0-1

[Event "4NCL 2012-13"]
[Site "Staverton ENG"]
[Date "2013.01.12"]
[Round "3.145"]
[White "Burns-Mannion, Stephen R"]
[Black "Osborne, Marcus E"]
[Result "1-0"]
[WhiteTitle "IM"]
[WhiteElo "2351"]
[BlackElo "2280"]
[WhiteTeam "Cheddleton"]
[BlackTeam "Guildford"]
[WhiteFideId "2400111"]
[BlackFideId "404608"]
[EventDate "2012.11.03"]

1. e4 e6 2. d4 d5 3. Nd2 Nf6 4. e5 Nfd7 5. c3 c5 6. f4 Nc6 7. Ndf3 cxd4 8. cxd4
Qb6 9. a3 Be7 10. h4 h5 11. Ne2 Na5 12. Nc3 Nb3 13. Rb1 Nxc1 14. Qxc1 g6 15. Bd3
Nb8 16. Nxd5 Qa5+ 17. b4 Qxd5 18. Qxc8+ Bd8 19. O-O O-O 20. Qc2 Nc6 21. Kh1 Rc8
22. Be4 Qd7 23. Rbc1 Bb6 24. Qa4 Nxe5 25. Qxd7 Nxd7 26. Bxb7 Rxc1 27. Rxc1 Nf6
28. g3 Rb8 29. Bc6 Rd8 30. a4 Bxd4 31. Nxd4 Rxd4 32. b5 Nd5 33. a5 Ne7 34. Bg2
Nd5 35. Rb1 Rd3 36. Kh2 Ra3 37. b6 axb6 38. axb6 Ra8 39. b7 Rb8 40. Bxd5 exd5
41. Kg2 Kf8 42. Kf3 Ke7 43. Ke3 Kd7 44. Kd4 Kc7 45. Rb3 Kd6 46. Rb5 Kc6 47. Rc5+
Kb6 48. Rc3 f5 49. Rc1 Ka7 50. Rb1 Ka6 1-0

[Event "4NCL 2012-13"]
[Site "Staverton ENG"]
[Date "2013.01.12"]
[Round "3.146"]
[White "Povah, Nigel E"]
[Black "Eggleston, David J"]
[Result "0-1"]
[WhiteTitle "IM"]
[BlackTitle "FM"]
[WhiteElo "2302"]
[BlackElo "2337"]
[WhiteTeam "Guildford"]
[BlackTeam "Cheddleton"]
[WhiteFideId "400467"]
[BlackFideId "412120"]
[EventDate "2012.11.03"]

1. d4 e6 2. Nf3 Nf6 3. e3 b6 4. Bd3 Bb7 5. O-O Be7 6. b3 c5 7. Bb2 O-O 8. Nbd2
d6 9. Qe2 a6 10. c4 Nbd7 11. Rad1 Re8 12. Rfe1 Qc7 13. e4 cxd4 14. Nxd4 Bf8 15.
Qe3 g6 16. Qh3 Bg7 17. Bb1 d5 18. exd5 exd5 19. Qg3 Qc5 20. cxd5 Qxd5 21. Qf3
Nc5 22. Qxd5 Nxd5 23. Nc4 Rxe1+ 24. Rxe1 Nf4 25. Nf3 Bxb2 26. Nxb2 Bxf3 27. gxf3
Rd8 28. Rd1 Re8 29. b4 Nce6 30. Nd3 Rd8 31. Kf1 Rd5 32. Bc2 Rh5 33. Nxf4 Nxf4
34. Kg1 Rg5+ 35. Kf1 Rh5 36. Kg1 Kg7 37. Rd6 Re5 38. Kf1 Re6 39. Rd4 g5 40. h4
Rh6 41. Ke1 Rxh4 42. Rd7 Rh6 43. a4 Re6+ 44. Kf1 Rc6 45. Bb3 Rc1+ 46. Bd1 h5 47.
Ke1 h4 48. Kd2 h3 0-1

[Event "4NCL 2012-13"]
[Site "Staverton ENG"]
[Date "2013.01.12"]
[Round "3.147"]
[White "Bellin, Robert"]
[Black "Granat, Russell G"]
[Result "1-0"]
[WhiteTitle "IM"]
[WhiteElo "2355"]
[BlackElo "2218"]
[WhiteTeam "Cheddleton"]
[BlackTeam "Guildford"]
[WhiteFideId "400343"]
[BlackFideId "401714"]
[EventDate "2012.11.03"]

1. e4 Nc6 2. Nf3 e5 3. Bb5 a6 4. Ba4 d6 5. Bxc6+ bxc6 6. d4 f6 7. Nc3 g6 8. Qd3
Bh6 9. Be3 Bxe3 10. Qxe3 Qe7 11. O-O Qg7 12. Nd2 Ne7 13. dxe5 fxe5 14. f4 Rb8
15. fxe5 Qxe5 16. Rae1 Be6 17. b3 h6 18. Nf3 Qg7 19. e5 Nf5 20. Qa7 O-O 21. Qxa6
Rb6 22. Qa5 d5 23. Qc5 Qe7 24. Qxe7 Nxe7 25. Na4 Rb4 26. c3 Rbf4 27. Nc5 Bf5 28.
Nd4 Be4 29. Nde6 Rxf1+ 30. Rxf1 Rxf1+ 31. Kxf1 Nf5 32. Kf2 1-0

[Event "4NCL 2012-13"]
[Site "Staverton ENG"]
[Date "2013.01.12"]
[Round "3.148"]
[White "Sarakauskiene, Zivile"]
[Black "Steil-Antoni, Fiona"]
[Result "1/2-1/2"]
[WhiteTitle "WIM"]
[BlackTitle "WIM"]
[WhiteElo "2189"]
[BlackElo "2169"]
[WhiteTeam "Guildford"]
[BlackTeam "Cheddleton"]
[WhiteFideId "12800864"]
[BlackFideId "4001249"]
[EventDate "2012.11.03"]

1. e4 e5 2. Nf3 Nc6 3. d4 exd4 4. Bc4 Nf6 5. e5 Ng4 6. O-O d6 7. exd6 Qxd6 8.
Bb5 Bd7 9. h3 Nf6 10. Re1+ Be7 11. Qe2 Be6 12. b3 O-O-O 13. Bb2 Rhe8 14. Nbd2
Qc5 15. Bxc6 bxc6 16. Qa6+ Kb8 17. Re5 Qb6 18. Qxb6+ cxb6 19. Nxd4 Bd7 20. Nc4
Kc7 1/2-1/2

[Event "4NCL 2012-13"]
[Site "Staverton ENG"]
[Date "2013.01.12"]
[Round "3.151"]
[White "Short, Nigel D"]
[Black "Greet, Andrew N"]
[Result "1-0"]
[WhiteTitle "GM"]
[BlackTitle "IM"]
[WhiteElo "2692"]
[BlackElo "2438"]
[WhiteTeam "Guildford"]
[BlackTeam "Wood Green, Hilsmark Kingfisher"]
[WhiteFideId "400025"]
[BlackFideId "405817"]
[EventDate "2012.11.03"]

1. c4 e5 2. g3 d6 3. Bg2 f5 4. d4 Be7 5. Nc3 Nf6 6. e3 O-O 7. Nge2 c6 8. O-O Na6
9. a3 Nc7 10. f4 e4 11. d5 cxd5 12. cxd5 Nd7 13. g4 g6 14. g5 Rf7 15. b4 Bf8 16.
Bb2 Bg7 17. h4 h5 18. Qb3 a5 19. Rfd1 axb4 20. axb4 Rxa1 21. Bxa1 Nb6 22. Nd4
Qe8 23. Bf1 Bd7 24. b5 Rf8 25. Bb2 Qe7 26. Na4 Nxa4 27. Qxa4 Kh7 28. Qb3 Rc8 29.
b6 Ne8 30. Ra1 Qf7 31. Ra7 Rb8 32. Kg2 Bh8 33. Bc4 Bxd4 34. Bxd4 Qe7 35. Bb2 Kg8
36. Kg3 Kf8 37. Kf2 Kg8 38. Be2 Kf8 39. Ke1 Kg8 40. Qc3 Qg7 41. Qxg7+ Nxg7 42.
Ba6 Bc8 43. Bb5 Kf7 44. Bf6 Ne8 45. Bd8 1-0

[Event "4NCL 2012-13"]
[Site "Staverton ENG"]
[Date "2013.01.12"]
[Round "3.152"]
[White "Trent, Lawrence"]
[Black "Jones, Gawain C B"]
[Result "1/2-1/2"]
[WhiteTitle "IM"]
[BlackTitle "GM"]
[WhiteElo "2429"]
[BlackElo "2644"]
[WhiteTeam "Wood Green, Hilsmark Kingfisher"]
[BlackTeam "Guildford"]
[WhiteFideId "408638"]
[BlackFideId "409561"]
[EventDate "2012.11.03"]

1. f4 g6 2. e4 d5 3. Nc3 dxe4 4. Nxe4 Qd5 5. d3 Nc6 6. Nf3 Bg7 7. Be2 Bf5 8. Nf2
Nd4 9. Nxd4 Bxd4 10. O-O O-O-O 11. Bf3 Qc5 12. Qe2 h5 13. Re1 Nf6 14. Be3 Nd5
15. Bxd4 Qxd4 16. Bxd5 Qxd5 17. Qxe7 h4 18. h3 Qd4 19. Qe3 Qa4 20. b3 Qa6 21.
Qc5 Rh5 22. Qc3 g5 23. Re7 Qb6 24. Rxf7 gxf4 25. Re1 Bxh3 26. Rf6 Rc5 27. Rxb6
Rxc3 28. Rf6 Bd7 29. Re2 Re8 30. Ne4 Rc6 31. Rxf4 Rh6 32. Re3 b6 33. Kf2 a5 34.
a4 Rg8 35. Nf6 Rf8 36. Nd5 Rxf4+ 37. Nxf4 Rc6 38. c4 Rf6 39. Kf3 Bc6+ 40. Kg4
Bd7+ 41. Kf3 Bc6+ 1/2-1/2

[Event "4NCL 2012-13"]
[Site "Staverton ENG"]
[Date "2013.01.12"]
[Round "3.153"]
[White "Hebden, Mark L"]
[Black "Ward, Chris G"]
[Result "1/2-1/2"]
[WhiteTitle "GM"]
[BlackTitle "GM"]
[WhiteElo "2540"]
[BlackElo "2432"]
[WhiteTeam "Guildford"]
[BlackTeam "Wood Green, Hilsmark Kingfisher"]
[WhiteFideId "400084"]
[BlackFideId "400203"]
[EventDate "2012.11.03"]

1. d4 Nf6 2. Nf3 e6 3. e3 c5 4. c4 a6 5. Nc3 d5 6. cxd5 exd5 7. g3 c4 8. Bg2 b5
9. O-O Bb7 10. a4 b4 11. Ne2 Nbd7 12. a5 Bd6 13. Ne5 Qc7 14. Qa4 Rb8 15. f4 O-O
16. Bd2 Ba8 17. Rfc1 Rb5 18. g4 Rfb8 19. g5 Bxe5 20. fxe5 Ne4 21. Bxe4 dxe4 22.
Nf4 Nf8 23. Qd1 Ne6 24. Nxe6 fxe6 25. Qg4 Bd5 26. Rf1 Rxa5 27. Rxa5 Qxa5 28. Qf4
Qd8 29. Bxb4 Qe8 30. Bd6 Ra8 31. h4 h6 32. Rf2 Qg6 33. Qg4 a5 34. Be7 h5 35. Qf4
Kh7 36. Kh2 Kg8 37. Kg3 Kh7 38. Bd6 Kg8 39. Kh2 Kh7 40. Bc5 Kg8 41. Qg3 a4 42.
Qf4 Kh7 43. Ba3 Rc8 44. Bb4 Rb8 45. Ba3 Rc8 46. Bb4 Rb8 47. Ba3 Rc8 48. Bb4 1/2-1/2